| 000 | 00579nam a22002057a 4500 | ||
|---|---|---|---|
| 003 | OSt | ||
| 005 | 20140310182755.0 | ||
| 008 | 130205t xxu||||| |||| 00| 0 eng d | ||
| 020 | _a9780471794511 | ||
| 050 |
_aQC 23.2 _b.C988 2007 |
||
| 082 |
_aM 530.22 _bC97 2007 _27th ed. |
||
| 245 |
_aPhysics _cCutnell, John D.; Johnson, Kenneth W. |
||
| 260 |
_aHoboken, NJ : _bJohn Wiley & Sons Pte Ltd., _cc2007. |
||
| 300 |
_axxiii, 1064 p. : _b ill. ; _c29 cm. |
||
| 521 | _aCollege Students | ||
| 526 | _c1210L-1700L | ||
| 541 | _j2 | ||
| 562 | _e2 | ||
| 942 |
_2lcc _cBK _kM |
||
| 999 |
_c15834 _d15834 |
||